Ramakatha Sudha (Record no. 1247)

MARC details
000 -LEADER
fixed length control field 00261nam a22001097a 4500
008 - FIXED-LENGTH DATA ELEMENTS--GENERAL INFORMATION
fixed length control field 260422b |||||||| |||| 00| 0 eng d
100 ## - MAIN ENTRY--PERSONAL NAME
Personal name Narayanachar, K S
245 ## - TITLE STATEMENT
Title Ramakatha Sudha
260 ## - PUBLICATION, DISTRIBUTION, ETC.
Place of publication, distribution, etc. Hubli
Name of publisher, distributor, etc. Sahitya Prakashana
Date of publication, distribution, etc. 2016
300 ## - PHYSICAL DESCRIPTION
Extent 344p
942 ## - ADDED ENTRY ELEMENTS (KOHA)
Source of classification or shelving scheme Dewey Decimal Classification
Holdings
Withdrawn status Lost status Source of classification or shelving scheme Damaged status Not for loan Home library Current library Shelving location Date acquired Source of acquisition Total Checkouts Barcode Date last seen Price effective from Koha item type
    Dewey Decimal Classification     Karnataka Samskrit University Library Karnataka Samskrit University Library General Stacks 04/22/2026 Sahitya Prakashana   001041 04/22/2026 04/22/2026 Books

Powered by Koha